000 00338nam a22001457a 4500
020 _a978-9393159045
041 _aENG
100 _aRaghunath .H.M
245 _aHydrology .Principles .Analysis.Design
250 _aRevised ED
260 _aDelhi
_bNew Age International Pub
_c2000
300 _a463
650 _aSWCE
856 _uSWCE
999 _c592
_d592